000 00750cam a22001934a 4500
005 20250605164346.0
008 250528s ||||||||||||||||||||||||d
035 _a23895
040 _aGR-AtMCL
_bgre
_dGR-AtMCL
_eAACR2
245 1 _aThe Battle of the Sex Differences / We Talk to Cordelia Fine and Simon Baron-Cohen Reviews her New Book The Gender Delusion
260 _c2010
300 _a79
520 _aCollective Solutions to a Global Problem, Being Proactive at Work - Blessing or Bane?, Eye on Fiction: No Self Without Self-Delusion, Opinions: Occupational Psychology in a Changing World.
700 1 _aSutton Jon
_99351
942 _cCR
710 2 _aThe British Psychological Society
_99823
999 _c8813
_d8813